header

Climate change and multi-dimensional sustainability in African agriculture. (Record no. 255341)

MARC details
000 -LEADER
fixed length control field 00908cam a22002535i 4500
001 - CONTROL NUMBER
control field 19201658
003 - CONTROL NUMBER IDENTIFIER
control field OSt
005 - DATE AND TIME OF LATEST TRANSACTION
control field 20170207102300.0
008 - FIXED-LENGTH DATA ELEMENTS--GENERAL INFORMATION
fixed length control field 160802s2016 nyu 000 0 eng
010 ## - LIBRARY OF CONGRESS CONTROL NUMBER
LC control number 2016949560
020 ## - INTERNATIONAL STANDARD BOOK NUMBER
International Standard Book Number 9783319412368
040 ## - CATALOGING SOURCE
Original cataloging agency DLC
Language of cataloging eng
Transcribing agency DLC
Description conventions rda
Modifying agency DLC
042 ## - AUTHENTICATION CODE
Authentication code pcc
100 ## - MAIN ENTRY--PERSONAL NAME
Personal name Lal Rattan et all
245 00 - TITLE STATEMENT
Title Climate change and multi-dimensional sustainability in African agriculture.
263 ## - PROJECTED PUBLICATION DATE
Projected publication date 1609
300 ## - PHYSICAL DESCRIPTION
Extent pages cm
856 42 - ELECTRONIC LOCATION AND ACCESS
Materials specified Contributor biographical information
Uniform Resource Identifier <a href="https://www.loc.gov/catdir/enhancements/fy1621/2016949560-b.html">https://www.loc.gov/catdir/enhancements/fy1621/2016949560-b.html</a>
Materials specified Publisher description
Uniform Resource Identifier <a href="https://www.loc.gov/catdir/enhancements/fy1621/2016949560-d.html">https://www.loc.gov/catdir/enhancements/fy1621/2016949560-d.html</a>
Materials specified Table of contents only
Uniform Resource Identifier <a href="https://www.loc.gov/catdir/enhancements/fy1621/2016949560-t.html">https://www.loc.gov/catdir/enhancements/fy1621/2016949560-t.html</a>
906 ## - LOCAL DATA ELEMENT F, LDF (RLIN)
a 0
b ibc
c orignew
d 2
e epcn
f 20
g y-gencatlg
942 ## - ADDED ENTRY ELEMENTS (KOHA)
Source of classification or shelving scheme Library of Congress Classification
Koha item type Long Loan Books
Holdings
Withdrawn status Lost status Source of classification or shelving scheme Damaged status Not for loan Collection code Home library Current library Shelving location Date acquired Total Checkouts Barcode Date last seen Price effective from Koha item type
    Library of Congress Classification     Non-fiction Rongo University Library Rongo University Library General Stacks 11/06/2024   201700114 11/06/2024 11/06/2024 Long Loan Books

© 2026 Rongo University
Contact us: librarian | system librarian | Rongo university